000 01935nab a2200277 a 4500
005 20210219162714.0
008 991125s1985 mx 000 0 spa u
035 _aUPN01000209359
049 _aART
100 1 _aHidalgo Alonso, Santiago
100 1 _aMaroto Sáez, Ana
100 1 _uamaroto@am.uva.es
100 1 _aPalacios Picos, Andrés
100 1 _upalacios@psi.uva.es
222 0 _aEDUCACION MATEMATICA
245 0 0 _aUna aproximación al sistema de creencias matemáticas en futuros maestros
260 _aMéxico
300 _a65-90
362 0 _a2015 Volumen 27, número 1, abril
520 3 _aEl estudio de los factores afectivos ha dado respuesta a incógnitas presentes en algunos procesos de enseñanza-aprendizaje de las matemáticas. En este trabajo nos proponemos estudiar uno de los componentes del dominio afectivo: las creencias matemáticas; en particular, nos interesa realizar una categorización del sistema de creencias matemáticas de los futuros maestros y conocer las asociaciones verbales que realizan sobre las matemáticas. A una muestra de más de mil estudiantes del Grado de Maestro en Educación Primaria de diez centros universitarios públicos de España, se les aplicó una escala tipo Likert sobre creencias matemáticas. El análisis estadístico nos indica que las asociaciones que los futuros docentes realizan sobre las matemáticas se sitúan en lo cognitivo y metacognitivo (estrategias de conocimiento). Sin embargo, en lo relativo a sus vivencias con las matemáticas, manifiestan un fuerte componente afectivo, mayoritariamente negativo, respecto al autoconcepto, al gusto y a las atribuciones de causalidad y una valoración positiva de su conexión social: utilidad y necesidad
653 0 _aCREENCIAS MATEMATICAS
653 0 _aFORMACION DOCENTE
653 0 _aDOMINIO AFECTIVO
856 4 _uhttp://www.redalyc.org/articulo.oa?id=40540690004
905 _aArticulo
999 _c181460
_d181460